| 000 | 00558nam a2200217Ia 4500 | ||
|---|---|---|---|
| 008 | 191130s2004##################000#0#eng## | ||
| 020 | _a9781580421072 | ||
| 022 | _a2003100599 | ||
| 040 |
_aACL _cACL |
||
| 082 | _a795 JEN | ||
| 100 | _aJensen, Marten | ||
| 245 |
_aCasino gambling secrets _cMarten Jensen |
||
| 250 | _a1st ed | ||
| 260 |
_aNew York _bCardoza Publishing _c2004 |
||
| 300 | _a528 p. : ill. ; 24 cm | ||
| 650 | _aCasinos | ||
| 650 | _aGambling | ||
| 990 | _a87698f92ac10000c0def12632cb198d5 | ||
| 991 | _a325699 | ||
| 999 |
_c124962 _d124962 |
||